[Event "Titled Tuesday intern op 13th Feb Early"]
[Site "Chess.com INT"]
[Date "2024.02.13"]
[Round "7"]
[White "Bogumil, Tatiana"]
[Black "Barbot, Pierre"]
[Result "0-1"]
[WhiteElo "2090"]
[BlackElo "2426"]
[PlyCount "122"]
[EventDate "2024.02.13"]
[EventType "swiss (blitz)"]
[EventRounds "11"]
[EventCountry "USA"]
[SourceTitle "CB08_2024"]
[SourceDate "2024.02.21"]
[SourceVersion "1"]
[SourceVersionDate "2024.02.21"]
[SourceQuality "1"]

1. Nf3 Nf6 2. c4 g6 3. b3 Bg7 4. Bb2 0-0 5. g3 c5 6. Bg2 Nc6 7. 0-0 d5 8. d3 d4 9. Nbd2 e5 10. b4 cxb4 11. a3 Re8 12. axb4 Nxb4 13. Ba3 Nc6 14. Ng5 a5 15. Nge4 Nxe4 16. Nxe4 Be6 17. Nd6 Re7 18. Nxb7 Qc7 19. Nd6 Rd7 20. Nb5 Qc8 21. Qa4 Ra6 22. Rfb1 Ne7 23. Rb2 h5 24. Rab1 Kh7 25. Rc2 Nf5 26. Bc1 Rd8 27. Bg5 Re8 28. Qa3 Bd7 29. Nd6 Nxd6 30. Qxd6 Rxd6 31. Rcb2 Ra6 32. Bb7 Qc7 33. Bxa6 a4 34. Bb5 Bxb5 35. Rxb5 Ra8 36. Ra1 a3 37. Ra2 Qd6 38. Bc1 Bf8 39. Rd5 Qe6 40. h4 Qe7 41. Kg2 Qe6 42. f3 Qe7 43. Rb5 Qe6 44. Rb3 f5 45. Bg5 e4 46. Rb7+ Kg8 47. Rb3 exd3 48. exd3 Bg7 49. Bf4 Qe1 50. c5 Qd1 51. Rbxa3 Rxa3 52. Rxa3 Qc2+ 53. Kh3 Qxc5 54. Ra8+ Kh7 55. Rd8 Qa5 56. Rd7 Qa4 57. Rb7 Kg8 58. Rb8+ Kh7 59. Rb7 Qa1 60. Kg2 Qa2+ 61. Kh3 Qf2 0-1

[Event "Titled Tuesday intern op 19th Dec Early"]
[Site "Chess.com INT"]
[Date "2023.12.19"]
[Round "4"]
[White "Bogumil, Tatiana"]
[Black "Player, Edmund C"]
[Result "0-1"]
[WhiteElo "2090"]
[BlackElo "2199"]
[PlyCount "38"]
[EventDate "2023.12.19"]
[EventType "swiss (blitz)"]
[EventRounds "11"]
[EventCountry "USA"]
[SourceTitle "CB52_2023"]
[SourceDate "2023.12.27"]
[SourceVersion "1"]
[SourceVersionDate "2023.12.27"]
[SourceQuality "1"]

1. Nf3 Nf6 2. c4 c6 3. b3 d5 4. Bb2 Bg4 5. Ne5 Bf5 6. g3 Nbd7 7. Nf3 h6 8. Bg2 e6 9. 0-0 Be7 10. d3 0-0 11. Nbd2 Re8 12. Re1 Bh7 13. a3 Qc7 14. b4 e5 15. e4 dxe4 16. dxe4 a5 17. c5 Bg6 18. Nh4 Bh5 19. Nf5 Bxd1 0-1

[Event "Titled Tuesday intern op 19th Dec Early"]
[Site "Chess.com INT"]
[Date "2023.12.19"]
[Round "11"]
[White "Bogumil, Tatiana"]
[Black "Sava, Ana Maria"]
[Result "1-0"]
[WhiteElo "2090"]
[BlackElo "1916"]
[PlyCount "71"]
[EventDate "2023.12.19"]
[EventType "swiss (blitz)"]
[EventRounds "11"]
[EventCountry "USA"]
[SourceTitle "CB52_2023"]
[SourceDate "2023.12.27"]
[SourceVersion "1"]
[SourceVersionDate "2023.12.27"]
[SourceQuality "1"]

1. Nf3 d5 2. c4 c5 3. g3 e6 4. Bg2 Nf6 5. 0-0 Nc6 6. b3 Be7 7. Bb2 0-0 8. cxd5 exd5 9. d4 c4 10. bxc4 dxc4 11. a4 Be6 12. Nc3 Na5 13. e4 Nb3 14. Ra2 Bg4 15. d5 Bb4 16. h3 Bxf3 17. Bxf3 Bxc3 18. Bxc3 a6 19. a5 Re8 20. Re1 Rc8 21. g4 h6 22. e5 Nd7 23. d6 Ndc5 24. Bd5 Qd7 25. Bxc4 Qc6 26. Bd5 Qb5 27. Qf3 Rf8 28. h4 Ne6 29. Ba1 Nbd4 30. Qe4 Qb4 31. Bxd4 Qxd4 32. Bxe6 Qxe4 33. Bxf7+ Rxf7 34. Rxe4 Re8 35. e6 Rf6 36. d7 1-0

[Event "Moscow Sveshnikov Memorial Blitz"]
[Site "Moscow"]
[Date "2023.12.09"]
[Round "11"]
[White "Gleizerov, Evgeny"]
[Black "Bogumil, Tatiana"]
[Result "1-0"]
[WhiteElo "2378"]
[BlackElo "2090"]
[PlyCount "69"]
[EventDate "2023.12.09"]
[EventType "tourn (blitz)"]
[EventRounds "11"]
[EventCountry "RUS"]
[EventCategory "1"]
[SourceTitle "CB50_2023"]
[SourceDate "2023.12.13"]
[SourceVersion "1"]
[SourceVersionDate "2023.12.13"]
[SourceQuality "1"]

1. d4 Nf6 2. c4 c5 3. d5 b5 4. cxb5 a6 5. b6 d6 6. Nc3 Nbd7 7. a4 Qxb6 8. Nf3 g6 9. e4 Bg7 10. Nd2 Ne5 11. Be2 0-0 12. 0-0 Rb8 13. a5 Qb7 14. f4 Ned7 15. Nc4 Ne8 16. Na4 Nc7 17. Ncb6 Nf6 18. Bf3 Nb5 19. Be3 Ne8 20. Rb1 Bd4 21. Qd2 Bxe3+ 22. Qxe3 Nd4 23. Bd1 Bd7 24. b4 Bxa4 25. Bxa4 Nc7 26. bxc5 dxc5 27. Rbc1 Ncb5 28. Rxc5 Rfd8 29. Rd1 e5 30. fxe5 Qe7 31. d6 Qe6 32. Nd5 Nc6 33. Rxc6 Re8 34. Rc4 Red8 35. Qe1 1-0

[Event "Titled Tuesday intern op 08th Aug Late"]
[Site "Chess.com INT"]
[Date "2023.08.08"]
[Round "7"]
[White "Bogumil, Tatiana"]
[Black "Rodriguez Santiago, Jaime"]
[Result "0-1"]
[WhiteElo "2080"]
[BlackElo "2020"]
[PlyCount "106"]
[EventDate "2023.08.08"]
[EventType "swiss (blitz)"]
[EventRounds "11"]
[EventCountry "USA"]
[SourceTitle "EXT 2024"]
[Source "ChessBase"]
[SourceDate "2023.10.10"]
[SourceVersion "1"]
[SourceVersionDate "2023.10.10"]
[SourceQuality "1"]

1. Nf3 Nf6 2. c4 e6 3. b3 d5 4. Bb2 c5 5. g3 Nc6 6. Bg2 Be7 7. cxd5 exd5 8. d4 0-0 9. 0-0 Re8 10. Nc3 h6 11. h3 Be6 12. e3 Rc8 13. Rc1 Qd7 14. Kh2 Ne4 15. dxc5 Nxc5 16. Nb5 a6 17. Nbd4 Nxd4 18. Nxd4 Bf6 19. Qe2 Bf5 20. Nxf5 Qxf5 21. Bxf6 Qxf6 22. Bxd5 b5 23. Bg2 Ne6 24. Bb7 Rxc1 25. Rxc1 Nd4 26. Qd2 Nf3+ 27. Bxf3 Qxf3 28. Rc7 Re6 29. Rc8+ Kh7 30. Rc2 Rf6 31. Qe2 Qb7 32. e4 Rd6 33. f4 a5 34. g4 b4 35. Kg3 Qd7 36. e5 Rd3+ 37. Kh2 Qd4 38. Rc4 Qd5 39. Qe4+ Qxe4 40. Rxe4 Rd2+ 41. Kg3 Rxa2 42. f5 Kg8 43. e6 fxe6 44. fxe6 Kf8 45. Kf4 Ra3 46. Re3 Ke7 47. Kf5 a4 48. Rd3 Rxb3 49. Rd7+ Ke8 50. Rxg7 a3 51. Kf6 Rf3+ 52. Kg6 b3 53. Ra7 b2 0-1

[Event "Titled Tuesday intern op 25th Jul Early"]
[Site "Chess.com INT"]
[Date "2023.07.25"]
[Round "2"]
[White "Begunov, Konstantin"]
[Black "Bogumil, Tatiana"]
[Result "1-0"]
[WhiteElo "2325"]
[BlackElo "2080"]
[PlyCount "81"]
[EventDate "2023.07.25"]
[EventType "swiss (blitz)"]
[EventRounds "11"]
[EventCountry "USA"]
[SourceTitle "EXT 2024"]
[Source "ChessBase"]
[SourceDate "2023.10.10"]
[SourceVersion "1"]
[SourceVersionDate "2023.10.10"]
[SourceQuality "1"]

1. d4 Nf6 2. c4 c5 3. Nf3 b6 4. Nc3 Bb7 5. d5 g6 6. e4 d6 7. e5 dxe5 8. Nxe5 Bg7 9. Nf3 0-0 10. Be2 Nfd7 11. 0-0 Ne5 12. Nxe5 Bxe5 13. Bh6 Re8 14. Re1 Nd7 15. Bf3 Bf6 16. Qc2 Ne5 17. Be2 Qc8 18. Ne4 Bh8 19. h3 Qf5 20. f4 Nxc4 21. Bxc4 Bxd5 22. Bxd5 Qxd5 23. Rad1 Qc6 24. Nc3 Bd4+ 25. Kh1 e6 26. Bg5 Kg7 27. Ne4 h6 28. Bh4 f5 29. Nc3 b5 30. Bf2 Bf6 31. Ne2 a5 32. Qxc5 Qxc5 33. Bxc5 Bxb2 34. Bd4+ Bxd4 35. Nxd4 Ra6 36. Nxb5 Rb6 37. a4 Kf6 38. Re5 g5 39. Rde1 gxf4 40. Nc7 Re7 41. Nd5+ 1-0

[Event "RUS-chT Rapid (Women)"]
[Site "Sochi"]
[Date "2022.10.18"]
[Round "5.6"]
[White "Girya, Olga"]
[Black "Bogumil, Tatiana"]
[Result "1-0"]
[WhiteElo "2398"]
[BlackElo "2182"]
[PlyCount "77"]
[EventDate "2022.10.18"]
[EventType "team-swiss (rapid)"]
[EventRounds "9"]
[EventCountry "RUS"]
[SourceTitle "CBM 210 Extra"]
[Source "ChessBase"]
[SourceDate "2022.11.30"]
[SourceVersion "1"]
[SourceVersionDate "2022.11.30"]
[SourceQuality "1"]
[WhiteTeam "Yugra (W)"]
[BlackTeam "Veterany Rossiya (W)"]
[WhiteTeamCountry "RUS"]
[BlackTeamCountry "RUS"]

1. d4 Nf6 2. Nf3 c5 3. e3 b6 4. Be2 Bb7 5. 0-0 g6 6. b3 Bg7 7. Bb2 0-0 8. c4 cxd4 9. Nxd4 d5 10. Nd2 e5 11. N4f3 e4 12. Nd4 dxc4 13. Nxc4 Nc6 14. Nxc6 Bxc6 15. Rc1 Bd5 16. a4 Qd7 17. Rc2 Rfd8 18. Rd2 Qe6 19. Qa1 Bxc4 20. Bxc4 Qe7 21. Rfd1 Rxd2 22. Rxd2 Rd8 23. Rxd8+ Qxd8 24. h3 h5 25. Bd4 Ne8 26. Bxg7 Nxg7 27. Qe5 Qe8 28. Qc7 Ne6 29. Qxa7 Qd8 30. b4 Qd1+ 31. Bf1 Qd6 32. Qa8+ Kg7 33. Qxe4 f6 34. a5 bxa5 35. bxa5 Nc5 36. Qc4 Nd7 37. a6 Qb6 38. Qd4 Qxd4 39. exd4 1-0